000 01187nam a2200217Ia 4500
003 Ost
005 20260507075025.0
008 260507s9999||||xx |||||||||||||| ||und||
040 _cfsecg
041 _aara
082 _a330
100 _aالشرع، مجيد جاسم
_eمؤلف
245 0 _aالمراجعة عن المسؤولية الاجتماعية في المصارف الإسلامية /
_c مجيد جاسم الشرع
260 _aعمان:
_bدار وائل للنشر,
_c2003
300 _a283 صفحة؛
_bإيضاحات ؛
_c24 سم
520 _aالأهداف العامة- المحاسبة عن المسؤولية الإجتماعية في المصارف الإسلامية- نطاق المراجعة عن المسؤولية الإجتماعية وأبعادها- أساليب وتقارير المراجعة عن المسؤولية الإجتماعية في المصارف الإسلامية - مستويات المراجعة عن المسؤولية الإجتماعية في المصارف الإسلامية
653 _aالبنوك
653 _aالبنوك الإسلامية
653 _aالمسؤولية الإجتماعية
942 _cكتاب
999 _c42318
_d42318